000 00609cam a22002173a 4500
001 45994
003 PGUSA
005 20140828084056.0
008 140616s2014||||xxu|||||s|||||000 | eng d
040 _aPGUSA
_beng
042 _adc
100 1 _aPostnikov, F. A.
245 1 0 _aOur Little Cossack Cousin
_h[electronic resource] /
_cF. A. Postnikov
260 _bProject Gutenberg,
_c2014
506 _aPublic domain in the USA.
516 _aElectronic text
700 1 _aRogers, Walter S.,
_d1871-
830 0 _aProject Gutenberg
_v45994
856 4 0 _uhttp://www.gutenberg.org/ebooks/45994
942 _cEB
999 _c275243
_d275243